Birds' modern insurance law (Record no. 6093)
[ view plain ]
| 000 -LEADER | |
|---|---|
| fixed length control field | 00791nam a2200169 4500 |
| 020 ## - INTERNATIONAL STANDARD BOOK NUMBER | |
| ISBN | 9780414055674 |
| 050 ## - CALL NUMBER | |
| Classification number | KD1859 .B53 |
| 100 ## - AUTHOR | |
| Personal name | Birds, John |
| 245 ## - TITLE | |
| Title | Birds' modern insurance law |
| Statement of responsibility, etc | by John Birds. |
| 250 ## - EDITION | |
| Edition statement | 10th ed. |
| 260 ## - PUBLICATION INFORMATION | |
| Place of publication | London |
| Name of publisher | Sweet & Maxwell |
| Year of publication | 2016 |
| 300 ## - DESCRIPTION | |
| Number of Pages | 459p. |
| 500 ## - NOTES | |
| General note | Includes index |
| 505 ## - FORMATTED CONTENTS NOTE | |
| Table of Content | Nature and definition of insurance and insurance law. Regulation of insurance. Insurable interest. Insurance of third parties' interests. Formalities and formation of the insurance contract. Insurers' repudiations of policies and liability. utmost good faith - duties of the insured. Warranties and conditions. Premiums. Assignment. Intermediaries. Subrogation. Claims under the policy. |
| 650 ## - SUBJECTS | |
| Topical Term | Insurance law |
| General subdivision | Great Britain. |
| 942 ## - ADDED ENTRY ELEMENTS (KOHA) | |
| Koha item type | Books |
| Withdrawn status | Lost status | Collection code | Home library | Current library | Shelving location | Date acquired | Full call number | Accession Number | Koha item type |
|---|---|---|---|---|---|---|---|---|---|
| Reference | Methodist University Law Library | Methodist University Law Library | General Stacks | KD1859 .B53 | 8029 | Books | |||
| Reference | Methodist University Law Library | Methodist University Law Library | General Stacks | KD1859 .B53 | 8030 | Books |